<?xml version="1.0" encoding="UTF-8"?>
<record
    xmlns:xsi="http://www.w3.org/2001/XMLSchema-instance"
    xsi:schemaLocation="http://www.loc.gov/MARC21/slim http://www.loc.gov/standards/marcxml/schema/MARC21slim.xsd"
    xmlns="http://www.loc.gov/MARC21/slim">

  <leader>01172nam a2200253 a 4500</leader>
  <controlfield tag="001">56072</controlfield>
  <controlfield tag="003">BD-RjUL</controlfield>
  <controlfield tag="005">20211209080341.0</controlfield>
  <controlfield tag="008">161126s1991    bg ||||| |||| 00| 0 ben d</controlfield>
  <datafield tag="035" ind1=" " ind2=" ">
    <subfield code="a">(BD-RjUL)56196</subfield>
  </datafield>
  <datafield tag="040" ind1=" " ind2=" ">
    <subfield code="a">BD-RjUL</subfield>
    <subfield code="b">ben</subfield>
    <subfield code="c">BD-RjUL</subfield>
    <subfield code="d">BD-RjUL</subfield>
  </datafield>
  <datafield tag="041" ind1=" " ind2=" ">
    <subfield code="a">ben</subfield>
  </datafield>
  <datafield tag="082" ind1=" " ind2=" ">
    <subfield code="2">23</subfield>
    <subfield code="a">784.190954</subfield>
    <subfield code="b">DEV 1991</subfield>
  </datafield>
  <datafield tag="100" ind1=" " ind2=" ">
    <subfield code="a">&#x9A6;&#x9C7;&#x9AC;, &#x9AC;&#x9BF;. &#x99A;&#x9C8;&#x9A4;&#x9A8;&#x9CD;&#x9AF;</subfield>
    <subfield code="9">156984</subfield>
  </datafield>
  <datafield tag="245" ind1="1" ind2="0">
    <subfield code="a">&#x9AD;&#x9BE;&#x9B0;&#x9A4;&#x9C0;&#x9AF;&#x9BC; &#x9AC;&#x9BE;&#x9A6;&#x9CD;&#x9AF;&#x9AF;&#x9A8;&#x9CD;&#x9A4;&#x9CD;&#x9B0; /</subfield>
    <subfield code="c">&#x9AC;&#x9BF;. &#x99A;&#x9C8;&#x9A4;&#x9A8;&#x9CD;&#x9AF; &#x9A6;&#x9C7;&#x9AC;, &#x985;&#x9A8;&#x9C1;&#x9AC;&#x9BE;&#x9A6; &#x995;&#x9C3;&#x9B7;&#x9CD;&#x9A3;&#x9BE; &#x9AC;&#x9A8;&#x9CD;&#x9A6;&#x9CD;&#x9AF;&#x9CB;&#x9AA;&#x9BE;&#x9A7;&#x9CD;&#x9AF;&#x9BE;&#x9AF;&#x9BC;</subfield>
  </datafield>
  <datafield tag="260" ind1=" " ind2=" ">
    <subfield code="a">&#x987;&#x9A8;&#x9CD;&#x9A1;&#x9BF;&#x9AF;&#x9BC;&#x9BE; :</subfield>
    <subfield code="b">&#x9A8;&#x9CD;&#x9AF;&#x9BE;&#x9B6;&#x9A8;&#x9BE;&#x9B2; &#x9AC;&#x9C1;&#x995; &#x99F;&#x9CD;&#x9B0;&#x9BE;&#x9B8;&#x9CD;&#x99F;,</subfield>
    <subfield code="c">&#x9E7;&#x9EF;&#x9EF;&#x9E7;</subfield>
  </datafield>
  <datafield tag="300" ind1=" " ind2=" ">
    <subfield code="a">[&#x9E7;&#x9E6;], &#x9E7;&#x9E9;&#x9E7; &#x9AA;&#x9C3;. :</subfield>
    <subfield code="b">&#x99A;&#x9BF;&#x9A4;&#x9CD;&#x9B0; ;</subfield>
    <subfield code="c">&#x9E8;&#x9E9; &#x9B8;&#x9C7;&#x9AE;&#x9BF;.</subfield>
  </datafield>
  <datafield tag="490" ind1=" " ind2=" ">
    <subfield code="a">&#x9AD;&#x9BE;&#x9B0;&#x9A4;-&#x9A6;&#x9C7;&#x9B6; &#x993; &#x9A6;&#x9C7;&#x9B6;&#x9AC;&#x9BE;&#x9B8;&#x9C0;</subfield>
  </datafield>
  <datafield tag="650" ind1=" " ind2=" ">
    <subfield code="a">&#x9AC;&#x9BE;&#x9A6;&#x9CD;&#x9AF;&#x9AF;&#x9A8;&#x9CD;&#x9A4;&#x9CD;&#x9B0;</subfield>
    <subfield code="z">&#x9AD;&#x9BE;&#x9B0;&#x9A4;</subfield>
    <subfield code="9">145024</subfield>
  </datafield>
  <datafield tag="650" ind1=" " ind2=" ">
    <subfield code="a">Musical Instruments</subfield>
    <subfield code="z">India</subfield>
    <subfield code="9">145025</subfield>
  </datafield>
  <datafield tag="700" ind1=" " ind2=" ">
    <subfield code="a">&#x9AC;&#x9A8;&#x9CD;&#x9A6;&#x9CD;&#x9AF;&#x9CB;&#x9AA;&#x9BE;&#x9A7;&#x9CD;&#x9AF;&#x9BE;&#x9AF;&#x9BC;, &#x995;&#x9C3;&#x9B7;&#x9CD;&#x9A3;&#x9BE;</subfield>
    <subfield code="q">&#x985;&#x9A8;&#x9C1;&#x9AC;&#x9BE;&#x9A6; </subfield>
    <subfield code="9">166924</subfield>
  </datafield>
  <datafield tag="830" ind1=" " ind2=" ">
    <subfield code="a">&#x9AD;&#x9BE;&#x9B0;&#x9A4;-&#x9A6;&#x9C7;&#x9B6; &#x993; &#x9A6;&#x9C7;&#x9B6;&#x9AC;&#x9BE;&#x9B8;&#x9C0;</subfield>
    <subfield code="9">166925</subfield>
  </datafield>
  <datafield tag="942" ind1=" " ind2=" ">
    <subfield code="2">ddc</subfield>
    <subfield code="c">BK</subfield>
  </datafield>
  <datafield tag="999" ind1=" " ind2=" ">
    <subfield code="c">56072</subfield>
    <subfield code="d">56072</subfield>
  </datafield>
  <datafield tag="952" ind1=" " ind2=" ">
    <subfield code="0">0</subfield>
    <subfield code="1">0</subfield>
    <subfield code="2">ddc</subfield>
    <subfield code="4">0</subfield>
    <subfield code="7">0</subfield>
    <subfield code="8">NFIC</subfield>
    <subfield code="a">RUCL</subfield>
    <subfield code="b">RUCL</subfield>
    <subfield code="c">Stack</subfield>
    <subfield code="d">2005-07-26</subfield>
    <subfield code="e">Gift</subfield>
    <subfield code="l">0</subfield>
    <subfield code="o">B 784.190954 DEV 1991</subfield>
    <subfield code="r">2016-11-26 00:00:00</subfield>
    <subfield code="t">C-2</subfield>
    <subfield code="w">2016-11-26</subfield>
    <subfield code="y">BK</subfield>
  </datafield>
  <datafield tag="952" ind1=" " ind2=" ">
    <subfield code="0">0</subfield>
    <subfield code="1">0</subfield>
    <subfield code="2">ddc</subfield>
    <subfield code="4">0</subfield>
    <subfield code="7">1</subfield>
    <subfield code="8">NFIC</subfield>
    <subfield code="a">RUCL</subfield>
    <subfield code="b">RUCL</subfield>
    <subfield code="c">Reading</subfield>
    <subfield code="d">1995-09-19</subfield>
    <subfield code="e">Rajshahi University Central Library</subfield>
    <subfield code="g">19.00</subfield>
    <subfield code="l">0</subfield>
    <subfield code="o">B 784.190954 DEV 1991</subfield>
    <subfield code="r">2017-01-26 00:00:00</subfield>
    <subfield code="t">C-1</subfield>
    <subfield code="w">2017-01-26</subfield>
    <subfield code="y">BK</subfield>
  </datafield>
</record>
